<?xml version="1.0" encoding="UTF-8"?>
<resp>
  <nextPage>https://data.bn.org.pl/api/networks/bibs.marcxml?marc=001+b00001150001754&amp;sinceId=1150001755</nextPage>
  <collection>
    <record xmlns='http://www.loc.gov/MARC21/slim'><leader>01051namZa2200337ZiZ4500</leader><controlfield tag='001'>b00001150001754</controlfield><controlfield tag='005'>20241203214125.2</controlfield><controlfield tag='008'>271123s2000    pl#           000 f pol  </controlfield><controlfield tag='009'>9913261562205606</controlfield><datafield ind1=' ' ind2=' ' tag='020'><subfield code='a'>837245261X</subfield></datafield><datafield ind1=' ' ind2=' ' tag='035'><subfield code='a'>KR_1KR_1_20120317224904006516-48omnis_kr</subfield></datafield><datafield ind1=' ' ind2=' ' tag='035'><subfield code='a'>KR_1_20120317224904006516</subfield><subfield code='9'>ExL</subfield></datafield><datafield ind1=' ' ind2=' ' tag='035'><subfield code='a'>(PL)b00001150001754</subfield></datafield><datafield ind1=' ' ind2=' ' tag='040'><subfield code='a'>KR_1</subfield><subfield code='c'>KR_1</subfield><subfield code='d'>WR M</subfield></datafield><datafield ind1='1' ind2=' ' tag='041'><subfield code='a'>pol</subfield><subfield code='h'>eng</subfield></datafield><datafield ind1='1' ind2=' ' tag='100'><subfield code='a'>Gardner,, Lisa</subfield></datafield><datafield ind1='1' ind2='0' tag='245'><subfield code='a'>Mąż doskonały /</subfield><subfield code='c'>Lisa Gardner ; przekł. Maciejka Mazan.</subfield></datafield><datafield ind1=' ' ind2=' ' tag='260'><subfield code='a'>Warszawa :</subfield><subfield code='b'>&quot;Amber&quot;,</subfield><subfield code='c'>2000.</subfield></datafield><datafield ind1=' ' ind2=' ' tag='300'><subfield code='a'>237 s. ;</subfield><subfield code='c'>21 cm.</subfield></datafield><datafield ind1='1' ind2=' ' tag='490'><subfield code='a'>Sensacja</subfield></datafield><datafield ind1=' ' ind2=' ' tag='500'><subfield code='a'>p</subfield></datafield><datafield ind1=' ' ind2='9' tag='650'><subfield code='a'>Powieść amerykańska</subfield><subfield code='y'>20 w.</subfield></datafield><datafield ind1='1' ind2=' ' tag='700'><subfield code='a'>Mazan, Maciejka</subfield><subfield code='e'>tł</subfield></datafield><datafield ind1=' ' ind2=' ' tag='852'><subfield code='b'>48OMNIS_NETWORK</subfield><subfield code='8'>9913261562205606</subfield></datafield><datafield ind1=' ' ind2=' ' tag='852'><subfield code='b'>48OMNIS_WBP</subfield><subfield code='8'>991053350956608414</subfield></datafield><datafield ind1=' ' ind2=' ' tag='852'><subfield code='b'>48OMNIS_KR</subfield><subfield code='8'>991000017539708216</subfield></datafield><datafield ind1=' ' ind2=' ' tag='852'><subfield code='8'>22756799780008414</subfield><subfield code='j'>0</subfield><subfield code='b'>143WG</subfield><subfield code='p'>14301-100173692</subfield><subfield code='c'>W</subfield><subfield code='z'>Wariant wydania: 2000</subfield></datafield><datafield ind1=' ' ind2=' ' tag='920'><subfield code='a'>83-7245-261-X</subfield></datafield></record>
  </collection>
</resp>
